Смешные любови: Рассказы; пер. с чеш.

Bibliografiske detaljer
Hovedforfatter: Кундера М. Милан
Sprog:russisk
Udgivet: СПб., Азбука, 2001
Fag:
Format: MixedMaterials Bog
KOHA link:https://koha.lib.tpu.ru/cgi-bin/koha/opac-detail.pl?biblionumber=45318

MARC

LEADER 00000nam0a2200000 4500
001 45318
005 20231101210938.0
010 |a 5267004981 
035 |a (RuTPU)RU\TPU\book\47106 
090 |a 45318 
100 |a 20021209d2001 m y0rusy50 ca 
101 1 |a rus 
102 |a RU 
105 |a y z 000ay 
200 1 |a Смешные любови  |e Рассказы  |e пер. с чеш.  |f М. Кундера 
210 |a СПб.  |c Азбука  |d 2001 
215 |a 224 с. 
606 1 |a Чешская литература  |2 stltpush  |3 (RuTPU)RU\TPU\subj\80268  |9 88014 
610 1 |a художественная литература 
610 1 |a рассказы 
675 |a 885  |v 3 
700 1 |a Кундера  |b М.  |g Милан 
801 1 |a RU  |b 63413507  |c 20021209  |g PSBO 
801 2 |a RU  |b 63413507  |c 20220404  |g PSBO 
942 |c BK